000 01210nam a2200289 u 4500
001 000003330
005 20250502073818.0
008 090703s1987 dr a r 000 0 spa d
040 _aDO-SdBNP
_bspa
_cBNPHU
082 _a342.729306
_bA516p, 1987
100 1 _aAmiama, Manuel A.
_d1899-1991
_98438
245 1 0 _aProntuario de legislación administrativa dominicana /
_cManuel A. Amiama; revisado y actualizado por Raymundo Amaro Guzmán, prólogo Manuel Bergés Chupani.
250 _a2a. ed.
260 _aSanto Domingo :
_bTiempo,
_c1987.
300 _av, 650 p. :
_bil. ;
_c21 cm.
490 1 _aEstudios Jurídicos
_v5
500 _aIncluye referencias y bibliográficas y notas al pie de las páginas
504 _aBibliografía : p. 651-652
590 _aInventariado, 2019/BT
650 4 _aDerecho administrativo
_zRepública Dominicana
_91203
650 4 _aProcedimiento administrativo
_zRepública Dominicana
_98439
700 1 _aAmaro Guzmán, Raymundo
_9656
700 1 _aBergés Chupani, Manuel,
_epról.
_98440
710 1 _aRepública Dominicana.
_bOficina Nacional de Administración y Personal
_926398
830 0 _aEstudios Jurídicos
_v5
_98442
910 _aValidado. Control de calidad MFF
999 _c3161
_d3161